Spy : (Record no. 617018)

MARC details
000 -LEADER
fixed length control field 00502nam a2200193 a 4500
008 - FIXED-LENGTH DATA ELEMENTS--GENERAL INFORMATION
fixed length control field 260305s2003##################000#0#eng##
020 ## - INTERNATIONAL STANDARD BOOK NUMBER
ISBN 9780375758942
082 04 - DEWEY DECIMAL CLASSIFICATION NUMBER
Classification number 327.1247
Item number WIS
100 1# - MAIN ENTRY--AUTHOR NAME
Personal name Wise, David,
245 10 - TITLE STATEMENT
Title Spy :
260 ## - PUBLICATION, DISTRIBUTION, ETC. (IMPRINT)
Name of publisher Random House Trade Paperbacks,
Year of publication 2003.
300 ## - PHYSICAL DESCRIPTION
Number of Pages 346 pages
650 #0 - SUBJECT ADDED ENTRY--TOPICAL TERM
Topical Term Biography & Autobiography.
942 ## - ADDED ENTRY ELEMENTS (KOHA)
Koha item type English Books
Holdings
Withdrawn status Lost status Damaged status Not for loan Home library Current library Shelving location Date acquired Full call number Accession Number Price effective from Koha item type
        Anna Centenary Library Anna Centenary Library 3RD FLOOR, B WING 05.03.2026 327.1247 WIS 505283 05.03.2026 English Books

Find us on the map